1090 1021 1649 1277 1981 1710 1154 1987 1093 1929 1966 1090 1647 1905 1532 1953 1265 1857 1007 1369 1976 1005 1525 1248 1204 1964 1332 1247 1048 1427 1242 1201 1354 1422 1191 1350 1869 1295 1347 1011 1721 1721 1029 1031 1121 1657 1839 1871 1916 1555 1082 1272 1260 1345 1111 1159 1332 1885 1850 1439 1374 1333 1954 1405 1496 1975 1866 1531 1815 1733 1233 1758 1773 1928 1557 1592 1462 1142 1129 1284 1508 1204 1507 1499 1610 1246 1124 1409 1646 1519 1703 1133 1037 1580 1825 1792 1124 1706 1730 BCNSPRNW ULIB Ver.6.0+V

เปลี่ยนเป็นภาษาไทย

Change to English
 แสดงรายละเอียดบรรณานุกรม
  กลับหน้าหลัก

Brief Record : Get Marc (ISO 2709) : E-mail record : QR code < ปิดหน้าต่าง
LEADER : 00000nam 2200000uu 4500
001    13399114265
003     ULIB
008    120315s||||||||th 000 0 tha d
020    ^a9786167375663
060 04 WB115^bบ491ก
100 0  บดินทร์ ขวัญนิมิตร
245 00 ^aการปรึกษาปัญหาผู้ป่วยอายุรกรรมที่พบบ่อย =^bConsultative internal medicine 2011 /^cบดินทร์ ขวัญนิมิตร ; บรรณาธิการ
246 31 ^aConsultative internal medicine 2011
250    ^aพิมพ์ครั้งที่ 1
260    ^aสงขลา :^bชานเมืองการพิมพ์,^c2554
300    ^a(12), 212 หน้า :^bภาพประกอบ ;^c26 ซม.
504    ^aมีบรรณานุกรมและดัชนี
650  4 ^aการรักษาโรค^xรวมเรื่อง
650  4 ^aผู้ป่วย^xการให้คำปรึกษา
650  4 ^aอายุรศาสตร์^xรวมเรื่อง
710 1  มหาวิทยาลัยสงขลานครินทร์. ^bคณะแพทย์ศาสตร์
945    ^p400^l0^i031235
945    ^p400^l0^i031236
945    ^p400^l0^i031237
995    ^aทศพร
999 ^a ทศพร
รายการนี้ยังไม่มีแท็ก
คุณยังไม่ได้ล็อกอิน คุณสามารถมีกิจกรรมร่วมกับเว็บไซต์ได้ แต่ต้องล็อกอินก่อน ::
  ล็อกอิน

รายการสื่อสารสนเทศ

ลำดับที่ ประเภท เลขเรียก/บาร์โค้ด สถานที่ สถานะ
1. วิทยาศาสตร์การแพทย์ และสุขภาพ
วิทยาศาสตร์การแพทย์ และสุขภาพ
WB115 บ491ก ฉ.2 
  Barcode: 031236
ห้องสมุดวิทยาเขตสวรรค์ประชารักษ์
►ส่วนจัดเก็บหนังสือเก่า สปร
บนชั้น
  ขอยืม
2. วิทยาศาสตร์การแพทย์ และสุขภาพ
วิทยาศาสตร์การแพทย์ และสุขภาพ
WB115 บ491ก ฉ.3 
  Barcode: 031237
ห้องสมุดวิทยาเขตสวรรค์ประชารักษ์
►ส่วนจัดเก็บหนังสือเก่า สปร
บนชั้น
  ขอยืม

รายการใกล้เคียง
    ผู้แต่ง [บดินทร์ ขวัญนิมิตร]

BibComment


ยังไม่เคยถูกคอมเมนท์

คอมเมนท์ทรัพยากรรายการนี้
  คอมเมนท์: การปรึกษาปัญหาผู..


 Copyright 2026. Bcnsprnw @Library